Exploring corporate strategy / (Record no. 4091)
[ view plain ]
| 000 -LEADER | |
|---|---|
| fixed length control field | 00903cam a22002534a 4500 |
| 005 - DATE AND TIME OF LATEST TRANSACTION | |
| control field | 20250901165438.0 |
| 008 - FIXED-LENGTH DATA ELEMENTS--GENERAL INFORMATION | |
| fixed length control field | 060413s2006 enk 001 0 eng |
| 010 ## - LIBRARY OF CONGRESS CONTROL NUMBER | |
| LC control number | 2006045383 |
| 020 ## - INTERNATIONAL STANDARD BOOK NUMBER | |
| International Standard Book Number | 9780273710189 (text only) |
| 020 ## - INTERNATIONAL STANDARD BOOK NUMBER | |
| International Standard Book Number | 0273710184 (pbk. : text only) |
| 020 ## - INTERNATIONAL STANDARD BOOK NUMBER | |
| International Standard Book Number | 9780273710172 (text and cases) |
| 020 ## - INTERNATIONAL STANDARD BOOK NUMBER | |
| International Standard Book Number | 0273710176 (text and cases) |
| 050 00 - LIBRARY OF CONGRESS CALL NUMBER | |
| Classification number | HD30.28 .J648 2006 |
| Item number | .J648 2006 |
| 082 00 - DEWEY DECIMAL CLASSIFICATION NUMBER | |
| Classification number | 658.4/012 |
| Edition information | 22 |
| 100 1# - MAIN ENTRY--PERSONAL NAME | |
| Personal name | Johnson, Gerry. |
| 245 10 - TITLE STATEMENT | |
| Title | Exploring corporate strategy / |
| Statement of responsibility, etc. | Gerry Johnson, Kevan Scholes, Richard Whittington. |
| 250 ## - EDITION STATEMENT | |
| Edition statement | 7th enhanced media edition. |
| 260 ## - PUBLICATION, DISTRIBUTION, ETC. | |
| Place of publication, distribution, etc. | Harlow, England : |
| -- | New York : |
| Name of publisher, distributor, etc. | FT/Prentice Hall, |
| Date of publication, distribution, etc. | 2006. |
| 300 ## - PHYSICAL DESCRIPTION | |
| Extent | xxxvi, 1033 p. : |
| Other physical details | col. ill. ; |
| Dimensions | 27 cm. |
| 500 ## - GENERAL NOTE | |
| General note | Subtitle on cover: Text and cases. |
| 500 ## - GENERAL NOTE | |
| General note | "Student access code" inserted. |
| 500 ## - GENERAL NOTE | |
| General note | Includes bibliographical references and index. |
| 942 ## - ADDED ENTRY ELEMENTS (KOHA) | |
| Source of classification or shelving scheme | Library of Congress Classification |
| Withdrawn status | Lost status | Source of classification or shelving scheme | Damaged status | Not for loan | Home library | Current library | Shelving location | Date acquired | Total checkouts | Full call number | Barcode | Date last seen | Price effective from | Koha item type |
|---|---|---|---|---|---|---|---|---|---|---|---|---|---|---|
| Library of Congress Classification | Main Library | Main Library | 04/01/2021 | HD30.28 .J648 2006 | PIU0001569 | 04/01/2021 | 04/01/2021 | Books |